Statistics for States of the Holy Roman Empire in 962 with a Map

Click here to take the quiz!

General Stats

  • This quiz has been taken 3,852 times
  • The average score is 8 of 22

Answers on the Map

Answers color-coded by a green-red scale on the quiz's map according to % correct below.
 

Answer Stats

State% Correct
Bavaria
88%
Saxony
81%
Tuscany
70%
Lombardy
68%
Papal States
63%
Lower Lotharingia
43%
Upper Lotharingia
43%
Thuringia
42%
Swabia
37%
Cologne
36%
Franconia
32%
Verona
24%
Mainz
23%
Romagna
19%
Augsburg
17%
Spoleto
16%
Montferrat
13%
Metz
12%
Nordgau
8%
Fulda
7%
Billung
6%
Marca Geronis
5%

Score Distribution

Percentile by Number Answered

Percent of People with Each Score

Your Score History

You have not taken this quiz